Tvorba a štruktúra nákupného centra v procese rozhodovania o nákupe hydrogenačného katalyzátora v rafinérskom podniku

Salvato in:
Dettagli Bibliografici
Autore principale: Oreský, Milan, 1956-
Natura: Capitolo di libro
Lingua:slovacco
Tags: Aggiungi Tag
Nessun Tag, puoi essere il primo ad aggiungerne!!

MARC

LEADER 00000naa$a2200000$$$4500
001 0128545
005 20240502072454.4
041 0 |a slo 
044 |a SK 
245 1 0 |a Tvorba a štruktúra nákupného centra v procese rozhodovania o nákupe hydrogenačného katalyzátora v rafinérskom podniku  |c Milan Oreský 
100 1 |a Oreský, Milan, 1956-